<?xml version="1.0" encoding="UTF-8"?>
<record
    xmlns:xsi="http://www.w3.org/2001/XMLSchema-instance"
    xsi:schemaLocation="http://www.loc.gov/MARC21/slim http://www.loc.gov/standards/marcxml/schema/MARC21slim.xsd"
    xmlns="http://www.loc.gov/MARC21/slim">

  <leader>00656nam a22001337a 4500</leader>
  <datafield tag="040" ind1=" " ind2=" ">
    <subfield code="c">RUA</subfield>
  </datafield>
  <datafield tag="082" ind1=" " ind2=" ">
    <subfield code="a">VEM LEA 2021 B1-602 Or.</subfield>
  </datafield>
  <datafield tag="100" ind1=" " ind2=" ">
    <subfield code="a">LEANG LYHOUR,&#x179B;&#x17B6;&#x1784; &#x179B;&#x17B8;&#x17A0;&#x17CA;&#x17BD;</subfield>
  </datafield>
  <datafield tag="245" ind1=" " ind2=" ">
    <subfield code="a">GASTRO-INTESTINAL PARASITES IN CHICKEN AT KHPOB COMMUNE,SAANG DISTRICT,KANDAL PROVINCE,&#x1794;&#x179A;&#x17B6;&#x179F;&#x17B7;&#x178F;&#x1780;&#x17D2;&#x1793;&#x17BB;&#x1784;&#x1794;&#x17D2;&#x179A;&#x178A;&#x17B6;&#x1794;&#x17CB;&#x179A;&#x17C6;&#x179B;&#x17B6;&#x1799;&#x17A2;&#x17B6;&#x17A0;&#x17B6;&#x179A;&#x1798;&#x17B6;&#x1793;&#x17CB;&#x1793;&#x17C5;&#x1783;&#x17BB;&#x17C6;&#x1781;&#x17D2;&#x1796;&#x1794; &#x179F;&#x17D2;&#x179A;&#x17BB;&#x1780;&#x179F;&#x17D2;&#x17A2;&#x17B6;&#x1784; &#x1781;&#x17C1;&#x178F;&#x17D2;&#x178F;&#x1780;&#x178E;&#x17D2;&#x178F;&#x17B6;&#x179B;</subfield>
  </datafield>
  <datafield tag="260" ind1=" " ind2=" ">
    <subfield code="a">phnom penh</subfield>
    <subfield code="b">rua</subfield>
    <subfield code="c">2021</subfield>
  </datafield>
  <datafield tag="300" ind1=" " ind2=" ">
    <subfield code="a">ix.36p.</subfield>
    <subfield code="b">ill.</subfield>
    <subfield code="c">29cm.</subfield>
  </datafield>
  <datafield tag="856" ind1=" " ind2=" ">
    <subfield code="u">https://drive.google.com/file/d/1Jn30Ve8a29jvVB1gj5PzUtcX2J9Enrp3/view?usp=sharing</subfield>
  </datafield>
  <datafield tag="942" ind1=" " ind2=" ">
    <subfield code="c">VEM</subfield>
  </datafield>
  <datafield tag="999" ind1=" " ind2=" ">
    <subfield code="c">21654</subfield>
    <subfield code="d">21654</subfield>
  </datafield>
  <datafield tag="952" ind1=" " ind2=" ">
    <subfield code="0">0</subfield>
    <subfield code="1">0</subfield>
    <subfield code="4">0</subfield>
    <subfield code="6">VEM_LEA_2021_000000000000000_B1602_OR</subfield>
    <subfield code="7">0</subfield>
    <subfield code="9">94059</subfield>
    <subfield code="a">LBB</subfield>
    <subfield code="b">LBB</subfield>
    <subfield code="c">B1.602</subfield>
    <subfield code="d">2023-08-15</subfield>
    <subfield code="l">1</subfield>
    <subfield code="o">VEM LEA 2021 B1-602 Or.</subfield>
    <subfield code="p">a073884</subfield>
    <subfield code="r">2025-11-28</subfield>
    <subfield code="s">2023-11-29</subfield>
    <subfield code="y">VEM</subfield>
  </datafield>
  <datafield tag="952" ind1=" " ind2=" ">
    <subfield code="0">0</subfield>
    <subfield code="1">0</subfield>
    <subfield code="4">0</subfield>
    <subfield code="6">VEM_LEA_2021_000000000000000_B1602_OR</subfield>
    <subfield code="7">0</subfield>
    <subfield code="9">94060</subfield>
    <subfield code="a">LBB</subfield>
    <subfield code="b">LBB</subfield>
    <subfield code="c">B1.602</subfield>
    <subfield code="d">2023-08-15</subfield>
    <subfield code="l">2</subfield>
    <subfield code="o">VEM LEA 2021 B1-602 Or.</subfield>
    <subfield code="p">a073908</subfield>
    <subfield code="r">2025-08-25</subfield>
    <subfield code="s">2025-08-11</subfield>
    <subfield code="y">VEM</subfield>
  </datafield>
  <datafield tag="952" ind1=" " ind2=" ">
    <subfield code="0">0</subfield>
    <subfield code="1">0</subfield>
    <subfield code="4">0</subfield>
    <subfield code="6">VEM_LEA_2021_000000000000000_B1602_OR</subfield>
    <subfield code="7">0</subfield>
    <subfield code="9">94061</subfield>
    <subfield code="a">LBB</subfield>
    <subfield code="b">LBB</subfield>
    <subfield code="c">B1.602</subfield>
    <subfield code="d">2023-08-15</subfield>
    <subfield code="l">1</subfield>
    <subfield code="o">VEM LEA 2021 B1-602 Or.</subfield>
    <subfield code="p">a073852</subfield>
    <subfield code="q">2024-02-09</subfield>
    <subfield code="r">2024-01-05</subfield>
    <subfield code="s">2024-01-05</subfield>
    <subfield code="y">VEM</subfield>
  </datafield>
  <datafield tag="952" ind1=" " ind2=" ">
    <subfield code="0">0</subfield>
    <subfield code="1">0</subfield>
    <subfield code="4">0</subfield>
    <subfield code="6">VEM_LEA_2021_000000000000000_B1602_OR</subfield>
    <subfield code="7">0</subfield>
    <subfield code="9">94062</subfield>
    <subfield code="a">LBB</subfield>
    <subfield code="b">LBB</subfield>
    <subfield code="c">B1.602</subfield>
    <subfield code="d">2023-08-15</subfield>
    <subfield code="l">3</subfield>
    <subfield code="o">VEM LEA 2021 B1-602 Or.</subfield>
    <subfield code="p">a073860</subfield>
    <subfield code="r">2024-07-22</subfield>
    <subfield code="s">2024-07-09</subfield>
    <subfield code="y">VEM</subfield>
  </datafield>
  <datafield tag="952" ind1=" " ind2=" ">
    <subfield code="0">0</subfield>
    <subfield code="1">0</subfield>
    <subfield code="4">0</subfield>
    <subfield code="6">VEM_LEA_2021_000000000000000_B1602_OR</subfield>
    <subfield code="7">0</subfield>
    <subfield code="9">94063</subfield>
    <subfield code="a">LBB</subfield>
    <subfield code="b">LBB</subfield>
    <subfield code="c">B1.602</subfield>
    <subfield code="d">2023-08-15</subfield>
    <subfield code="l">2</subfield>
    <subfield code="o">VEM LEA 2021 B1-602 Or.</subfield>
    <subfield code="p">a073876</subfield>
    <subfield code="r">2025-08-29</subfield>
    <subfield code="s">2025-07-22</subfield>
    <subfield code="y">VEM</subfield>
  </datafield>
  <datafield tag="952" ind1=" " ind2=" ">
    <subfield code="0">0</subfield>
    <subfield code="1">0</subfield>
    <subfield code="4">0</subfield>
    <subfield code="6">VEM_LEA_2021_000000000000000_B1602_OR</subfield>
    <subfield code="7">0</subfield>
    <subfield code="9">94064</subfield>
    <subfield code="a">LBB</subfield>
    <subfield code="b">LBB</subfield>
    <subfield code="c">B1.602</subfield>
    <subfield code="d">2023-08-15</subfield>
    <subfield code="l">2</subfield>
    <subfield code="o">VEM LEA 2021 B1-602 Or.</subfield>
    <subfield code="p">a073880</subfield>
    <subfield code="r">2024-12-30</subfield>
    <subfield code="s">2024-11-27</subfield>
    <subfield code="y">VEM</subfield>
  </datafield>
</record>
